Reglamento general para la constitución de la asamblea de la Confederación Sindical Hidrográfica del Pirineo Oriental
Descripción Física:
31 p. ; 24 cm
MARC
| LEADER | 00000nam a2200000Ia 4500 | ||
|---|---|---|---|
| 001 | 12012 | ||
| 008 | 160829s1929 xx 000 0 cat d | ||
| 080 | |a RF-8-50 | ||
| 100 | |a Confederación Sindical Hidrográfica del Pirineo Oriental |9 38603 | ||
| 245 | |a Reglamento general para la constitución de la asamblea de la Confederación Sindical Hidrográfica del Pirineo Oriental | ||
| 260 | |a Barcelona : |b (Imp. de la Casa Prov. de Caridad), |c 1929 | ||
| 300 | |a 31 p. ; |c 24 cm | ||
| 650 | |a Confederación Sindical Hidrográfica del Pirineo Oriental |x Reglaments i procediment |9 38604 | ||
| 856 | 4 | |u https://media.diba.cat/diba/fitxers/arxiu/fulletons/bib_12012_1929_baixa.pdf |y Accés lliure | |
| 856 | 4 | |u https://media.diba.cat/diba/fitxers/arxiu/fulletons/bib_12012_1929_baixa.pdf |y Accés lliure | |
| 901 | |a Arxiu | ||
| 942 | |n 1 |2 udc | ||
| 952 | |0 0 |1 0 |4 0 |6 RF850 |7 1 |9 48496 |a Arxiu |b Arxiu |d 2016-12-01 |l 0 |o RF-8-50 |p 12012 |r 2016-12-01 00:00:00 |w 2016-12-01 |y ARXIU | ||
| 999 | |c 52325 |d 52325 | ||
| 900 | |a bib_12012_1929_baixa.pdf | ||